000 00697nam a2200289Ia 4500
005 20260324145332.0
008 008 260324s9999 xx 000 0 eng d
020 _a9781315835921
037 _aEBOOK
040 _aCRL
040 _beng
040 _cCRL
041 _2eng
041 _aeng
084 _qCRL
100 _aAviva Freedman; Ian Pringle; Janice Yalden
_91222597
245 0 _aLearning to Write
245 0 _bFirst Language/Second Language
260 _bTaylor and Francis
260 _c1983
365 _a
365 _b95.99
856 _uhttp://www.taylorfrancis.com/books/9781315835921
942 _cEBOOK
999 _c1830361
_d1830361